|
|
|
|
| LEADER |
00823nam a2200229 a 4500 |
| 001 |
4076758 |
| 008 |
090517r19781969enka b 001 0 eng d |
| 010 |
|
|
|a 71442563
|
| 020 |
|
|
|a 0422754803
|
| 040 |
|
|
|a DLC
|c DLC
|d DLC
|
| 082 |
0 |
0 |
|a 301.1
|2 21
|
| 100 |
1 |
|
|a Argyle, Michael.
|
| 245 |
1 |
0 |
|a Social interaction.
|
| 260 |
|
|
|a London;
|b Methuen:
|b Tavistock publication,
|c 1969(reprinted 1978).
|
| 300 |
|
|
|a 504 p.
|b illus.
|c 23 cm.
|
| 490 |
0 |
|
|a Methuen's manuals of modern psychology
|
| 504 |
|
|
|a Bibliography: p. 439-488.
|
| 541 |
1 |
|
|e 00000190
|
| 650 |
|
0 |
|a Social interaction.
|
| 852 |
4 |
|
|a Ayesha Abed library
|j Generl Shelf
|
| 999 |
|
|
|c 832
|d 832
|
| 952 |
|
|
|0 0
|1 0
|2 ddc
|4 0
|6 301_100000000000000_MIC_1978
|7 0
|9 776
|a BRACUL
|b BRACUL
|c GEN
|d 2009-05-19
|g 564.00
|l 1
|m 18
|o 301.1 MIC
|p 3010000190
|r 2017-12-05
|s 2017-05-24
|t 1
|v 1128.00
|w 2009-05-19
|y BK
|